| 000 | 00541cam a2200169 i 4500 | ||
|---|---|---|---|
| 001 | 20181937 | ||
| 005 | 20241031113314.0 | ||
| 008 | 171211s2017 gh b 001 0 eng | ||
| 020 | _a9789988258245 | ||
| 050 | 0 | 0 |
_aKRX717 _b.D56 2017 |
| 100 | 1 |
_aDjokoto, Godwin, _eauthor. |
|
| 245 | 1 | 4 |
_aThe law of mortgages in Ghana / _cGodwin Djokoto, LL.B (Hons), B.L. (Ghana), LL.M (Dalhousie). |
| 260 |
_aAccra, Ghana _bFrontiers Printing and Publishing _c2017 |
||
| 300 |
_axix, 244 pages ; _c24 cm |
||
| 650 | 0 |
_aMortgages _zGhana. |
|
| 942 |
_2lcc _cBK _n0 |
||
| 999 |
_c443 _d443 |
||